| 000 | 00496nam a2200205Ia 4500 | ||
|---|---|---|---|
| 005 | 20240823050507.0 | ||
| 008 | 240823s9999||||xx |||||||||||||| ||und|| | ||
| 020 | _a978-81-7371-784-0 | ||
| 041 | _aENGLISH | ||
| 082 | _A158.7 Q2 | ||
| 100 | _aDipak Bhattacharyya | ||
| 245 | 0 | _aIndustrial Psychology | |
| 250 | _aRe-ed | ||
| 260 |
_c2012 _b"University Press,Hyde" |
||
| 500 | _aYES | ||
| 650 |
_aPsychology _bGeneral |
||
| 700 | _a Sutapa Bhattacharya | ||
| 942 | _cBK | ||
| 999 |
_c217384 _d217384 |
||